|
|
|
|
| LEADER |
00699nam a2200217Ia 4500 |
| 008 |
240829s9999 xx 000 0 und d |
| 040 |
|
|
|a BIBLIOTECA-RUSB/ 711.4 S481
|
| 041 |
|
|
|a spa
|
| 082 |
|
|
|a 711.4 S481
|
| 100 |
1 |
|
|a Serarols, Juan Francisco
|
| 100 |
1 |
|
|b Reyes, Carlos Humberto
|
| 245 |
1 |
0 |
|a Habitat en el centro histórico de San Salvador
|
| 260 |
|
|
|a San Salvador
|b FUNDASAL
|c 2005
|
| 300 |
|
|
|a 158 p. :il.
|
| 650 |
7 |
|
|a PLANES Y PLANIFICACION DE LA CIUDAD - VIVIENDA
|
| 650 |
7 |
|
|b HABITAD - CENTRO HISTORICO - SAN SALVADOR
|
| 650 |
7 |
|
|c TIPOLOGIAS DE VIVIENDA - CENTRO HISTORICO
|
| 650 |
7 |
|
|d VIVIENDAS - CENTRO HISTORICO - SAN SALVADOR
|
| 942 |
|
|
|c BK
|2 ddc
|
| 991 |
|
|
|a TEXTO
|
| 999 |
|
|
|c 4811
|